Οι σοφιστές

Saved in:
Bibliographic Details
Main Author: Guthrie, W. K. C. (William Keith Chambers), 1906-1981
Other Authors: Τσεκουράκης, Δαμιανός (Translator)
Format: Book
Language:Greek
Published: Αθήνα : Μορφωτικό Ιδρυμα Εθνικής Τραπέζης, 1989
Subjects:
Tags: Add Tag
No Tags, Be the first to tag this record!

MARC

LEADER 00000nam a2200000 i 4500
001 1/105223
008 950609s gre d
035 |l 10013580 
040 |a GR-MY-UA  |b gre  |e aacr 
041 0 |a gre 
082 0 |a 183.1 
100 1 |a Guthrie, W. K. C.   |q (William Keith Chambers),   |d 1906-1981. 
245 1 3 |a Οι σοφιστές /  |c W. K. C. Guthrie ; Mετάφραση Δαμιανός Τσεκουράκης 
260 |a Αθήνα :   |b Μορφωτικό Ιδρυμα Εθνικής Τραπέζης,   |c 1989 
300 |a 542 σ. 
650 0 0 |a Philosophers, Ancient. 
650 0 0 |a Philosophers  |z Greece. 
650 0 0 |a Sophists (Greek philosophy) 
700 1 |a Τσεκουράκης, Δαμιανός.  |4 trl 
852 |a INST  |b LESVOS  |e 19950609  |h 183.1 GUT  |p 005100006618  |q 005100006618  |t BK  |y 0 
909 |a Λ  |b 016653